00401nam a2200169 4500003000200000005001700002008000200019020001800021040000600039082003900045100002100084245004600105250001000151260002700161300001900188650002400207.20260105113331.0. a9781292469720 c. a624.171   H628s   2024 aR. C. Hibbeler  aStructural analysis:b/cR. C. Hibbeler  a12 ed bHarlow; Pearson, 2024 a 756 pc24 cm  zstructural analysis